Sharjah Art Foundation Library

The fish and their gifts = Nā makana a nā iʻa/ (Record no. 6512)

MARC details
000 -LEADER
fixed length control field 00953nam a2200217Ia 4500
001 - CONTROL NUMBER
control field 6512
008 - FIXED-LENGTH DATA ELEMENTS--GENERAL INFORMATION
fixed length control field 260427s9999 xx 000 0 und d
020 ## - INTERNATIONAL STANDARD BOOK NUMBER
International Standard Book Number 9780873360814
245 #4 - TITLE STATEMENT
Title The fish and their gifts = Nā makana a nā iʻa/
Statement of responsibility, etc. Joshua Kaiponohea Stender
260 ## - PUBLICATION, DISTRIBUTION, ETC.
Place of publication, distribution, etc. Honolulu;
Name of publisher, distributor, etc. Kamehameha Schools Press;
Date of publication, distribution, etc. 2004
300 ## - PHYSICAL DESCRIPTION
Extent 60p;
Dimensions 28x21cm
520 ## - SUMMARY, ETC.
Summary, etc. After a school of fish swim close together to make a floating mat to save a drowning boy, Kanaloa, the protector of fisherman grants each fish a special gift. Written and illustrated by ten middle- and high-school students from the Kanu o ka 'Āina New Century Public Charter School in Hawaii
546 ## - LANGUAGE NOTE
Language note Hawaiian; English
650 ## - SUBJECT ADDED ENTRY--TOPICAL TERM
Topical term or geographic name entry element Folk literature
9 (RLIN) 9329
650 ## - SUBJECT ADDED ENTRY--TOPICAL TERM
Topical term or geographic name entry element Indigenous societies
9 (RLIN) 9260
650 ## - SUBJECT ADDED ENTRY--TOPICAL TERM
Topical term or geographic name entry element PN1-6790 Literature (General)
9 (RLIN) 21
651 ## - SUBJECT ADDED ENTRY--GEOGRAPHIC NAME
Geographic name Hawaii
9 (RLIN) 2928
655 ## - INDEX TERM--GENRE/FORM
Genre/form data or focus term Illustrated volume
9 (RLIN) 9330
942 ## - ADDED ENTRY ELEMENTS (KOHA)
Koha item type Book
953 ## -
-- P
-- SAFL
-- SAFL
-- SC
-- PN1-6790
-- BK
Holdings
Withdrawn status Lost status Damaged status Not for loan Collection Home library Current library Shelving location Date acquired Source of acquisition Total Checkouts Full call number Barcode Date last seen Price effective from Koha item type Source of classification or shelving scheme
        Language and Literature SAF Reference Library SAF Reference Library   04/27/2026 SB15 reading room- Meleanna Meyer   PN1-6790 80.27 6512 04/27/2026 04/27/2026 Book  
        Language and Literature SAF Reference Library SAF Reference Library   04/27/2026 SB15 reading room- Meleanna Meyer   PN1-6790 80.27   04/30/2026 04/27/2026 Book Library of Congress Classification

Copyright © 2022. Sharjah Art Foundation. All Rights Reserved.